000 00190nam a2200085 4500
001 1238422
005 20251006093808.0
245 _aBİLİM VE TEKNİK
_cKOMİSYON
260 _bTÜBİTAK YAYINLARI
999 _c1238422
_d1238422